000 00295nam a22001337a 4500
008 171012b xxu||||| |||| 00| 0 eng d
020 _a9780205290338
041 _aeng
080 _25 ED
_a316
100 _a50
101 _aSOC
245 _aSOCIAL PROBLEMS
_cCURRAN.D.J
942 _2udc
_cBK
999 _c33469
_d33469